000 00541nam a2200181Ia 4500
008 100917s9999 xx 000 0 und d
082 _b43574
100 _aबेडेकर विश्राम
245 _aटिळक आणि आगरकर
260 _bपॉप्युलर प्रकाशन
_c1980
300 _a102
365 _b15
520 _aनाटक
630 _aटिळक आणि आगरकर
650 _aनाटक
730 _aटिळक आणि आगरकर
942 _cBOOK
999 _c648968
_d648965